000 00319nam a2200133Ia 4500
005 20260328104252.0
008 260328s9999||||xx |||||||||||||| ||und||
100 _aEscobar, Marlene
245 0 _aGermán Samper /
_cMarlene Escobar
260 _bDiego Samper
300 _a255 p.
650 _aARQUITECTOS
942 _cBK
999 _c10288
_d10288